The practice of real estate management for the experienced property manager

Bibliographic Details
Main Author: Walters, William
Format: Book
Published: Chicago : IREM , 1979
Subjects:

MARC

LEADER 00000cam a2200000 7i4500
001 0000001600
005 20030123.0
020 |a 0912104376 
040 |a INS 
090 0 0 |a HD1394.   |b W34 1979 
100 1 |a Walters, William 
245 1 4 |a The practice of real estate management for the experienced property manager   |c by William Walters 
260 |a Chicago :   |b IREM ,   |c 1979 
300 |a 461p. ;   |c 24 cm. 
650 0 0 |a Property management 
650 0 0 |a Real estate management 
999 |a 0000007093   |b BOOK   |c Open Shelf   |e Default branch